District census handbook, Rae Bareli (Record no. 480889)

000 -LEADER
fixed length control field 00393cam a22001337a 4500
008 - FIXED-LENGTH DATA ELEMENTS--GENERAL INFORMATION
fixed length control field 180718b1955 xxu||||| |||| 00| 0 eng d
082 ## - DEWEY DECIMAL CLASSIFICATION NUMBER
Classification number A81x5421 In2/51/42
100 ## - MAIN ENTRY--PERSONAL NAME
Personal name Census of India 1951
245 ## - TITLE STATEMENT
Title District census handbook, Rae Bareli
260 ## - PUBLICATION, DISTRIBUTION, ETC.
Place of publication, distribution, etc. Rampur
Name of publisher, distributor, etc. Superintendent, Census Operations
Date of publication, distribution, etc. 1955
300 ## - PHYSICAL DESCRIPTION
Extent 213p.
440 ## - SERIES STATEMENT/ADDED ENTRY--TITLE
Title Census of India 1951
650 ## - SUBJECT ADDED ENTRY--TOPICAL TERM
Topical term or geographic name entry element Rae Bareli - Census
Holdings
Withdrawn status Lost status Damaged status Not for loan Permanent Location Current Location Date acquired Full call number Barcode Date last seen Price effective from Koha item type
        Indian Institute of Public Administration Indian Institute of Public Administration 2018-08-04 A81x5421 In2/51/42 GG30145 2018-08-04 2018-08-04 GG

Powered by Koha